000 00418ntaaa2200169 4500
003 01
005 20251027202930.0
008 0714s1973 ag 01
040 _aAR-BaBN
_bspa
_cAR-BaBN
_eaacr
_dRIC
082 _a922.6000 V42
100 _aVaretto, Juan C
_97850
245 _aRogerio Williams
250 _a1 ed.
260 _aBuenos Aires :
_bJunta Bautista de Publicaciones,
_cc1921
300 _a29 p
942 _cBK
999 _c24597
_d24597